Modernizácia kovacej linky s mechanickým lisom LZK 4000

Salvato in:
Dettagli Bibliografici
Autore principale: Kulíšek, Peter (Autore)
Altri autori: Kapustová, Mária (Relatore della tesi)
Natura: Manoscritto Libro
Lingua:slovacco
Pubblicazione: 2022
Soggetti:
Accesso online:http://is.stuba.sk/zp/portal_zp.pl?podrobnosti=165890
Tags: Aggiungi Tag
Nessun Tag, puoi essere il primo ad aggiungerne!!

MARC

LEADER 00000ntm a22000003a 4500
001 stuzp83662
003 SK-STU
005 20220702210445.8
007 ta
008 150427s2015----xo-----f-mn---000-0-slo-d
040 |a STU  |b slo 
041 0 |a slo 
100 1 |a Kulíšek, Peter  |u 063000  |4 aut  |U MTF Materiálovotechnologická fakulta  |T MTF Ústav výrobných technológií  |X 91653  |U M3000  |Y 83  |7 91653 
242 0 1 |a The modernization of forging line with mechanical press LZK 4000  |y eng 
245 1 0 |a Modernizácia kovacej linky s mechanickým lisom LZK 4000 
260 |c 2022 
650 4 |a projektovanie kováčne  |2 slo 
650 4 |a priemyselné roboty  |2 slo 
650 4 |a zápustkové kovanie  |2 slo 
650 4 |a zvislé kľukové lisy  |2 slo 
650 4 |a kovacie linky  |2 slo 
650 4 |a drop forging  |2 eng 
650 4 |a vertical forging presses  |2 eng 
650 4 |a forging lines  |2 eng 
650 4 |a designing of forge  |2 eng 
650 4 |a industrial robots  |2 eng 
700 1 |a Kapustová, Mária  |u 063400  |k Z1  |4 ths  |U MTF Ústav výrobných technológií  |T MTF Katedra tvárnenia kovov a plastov  |X 209  |U M3400  |Y 163  |7 A000000209 
856 4 |u http://is.stuba.sk/zp/portal_zp.pl?podrobnosti=165890 
996 |c M* BP-9401  |l MMSKP  |s P  |a 0  |w stuzp83662_0001